Welcome to the Holygrace Academy Library

Please use search bar below to get started

ACCOUNTANCY -COMPREHENSIVE(PART A,B AND PROJECT WORK)-XII (Record no. 8564)

MARC details
000 -LEADER
fixed length control field 00472nam a22001457a 4500
020 ## - INTERNATIONAL STANDARD BOOK NUMBER
ISBN 978-81-318-0376-9
082 ## - DEWEY DECIMAL CLASSIFICATION NUMBER
Classification number 657
Item number SID/A
100 ## - MAIN ENTRY--AUTHOR NAME
Personal name SODDIQUI,A .S
245 ## - TITLE STATEMENT
Title ACCOUNTANCY -COMPREHENSIVE(PART A,B AND PROJECT WORK)-XII
246 ## - VARYING FORM OF TITLE
Title proper/short title ACCOUNTANCY -COMPREHENSIVE(PART A,B AND PROJECT WORK)-XII
Remainder of title ACCOUNTANCY -COMPREHENSIVE(PART A,B AND PROJECT WORK)-XII
260 ## - PUBLICATION, DISTRIBUTION, ETC. (IMPRINT)
Place of publication NEW DELHI
Name of publisher LAXMI PUBLICATIONS
520 ## - SUMMARY, ETC.
Summary, etc ACCOUNTANCY
650 ## - SUBJECT ADDED ENTRY--TOPICAL TERM
Topical Term ACCOUNTANCY
942 ## - ADDED ENTRY ELEMENTS (KOHA)
Koha item type Books

No items available.